000 nam a22 7a 4500
999 _c174538
_d174538
003 Nust
005 20170131130823.0
008 170131b xxu||||| |||| 00| 0 eng d
040 _c0
050 _a628 BAI
082 _a628 BAI
100 _aBaig,Muhammad Abid
245 _aRemoval Of Oil Grease From Industrial Effluents
_cMuhammad Abid Baig
260 _aRawalpindi
_bIESE (SCEE) NUST
_c1999.
300 _a42 p.
_bHB.
440 _aMS Environmental Engineering
500 _aThesis MS EE
650 _aEnvironmental Engineering
700 _4Dr. Zafar Iqbal Bhatti (Supervisor)
942 _2ddc
_cTHE
_kIESE